Kỹ thuật điện /

שמור ב:
מידע ביבליוגרפי
מחבר ראשי: Đặng Văn Đào
מחברים אחרים: Lê Văn Doanh
פורמט: ספר
שפה:Vietnamese
יצא לאור: H. : Giáo dục , 2004
מהדורה:Tái bản lần thứ 8
נושאים:
תגים: הוספת תג
אין תגיות, היה/י הראשונ/ה לתייג את הרשומה!
Thư viện lưu trữ: Thư viện Trường CĐ Kỹ Thuật Cao Thắng
LEADER 01190nam a2200325 a 4500
001 TVCDKTCT403
003 Thư viện trường Cao đẳng Kỹ thuật Cao Thắng
005 20220928101032.000
008 050802
980 \ \ |a Thư viện Trường CĐ Kỹ Thuật Cao Thắng 
024 |a RG_1 #1 eb0 i1 
041 0 # |a vie 
082 # # |a 621.302 8 /   |b Đ106Đ-gi 
100 1 # |a Đặng Văn Đào 
245 0 0 |a Kỹ thuật điện /   |c Đặng Văn Đào, Lê Văn Doanh 
250 # # |a Tái bản lần thứ 8 
260 # # |a H. :   |b Giáo dục ,   |c 2004 
300 # # |a 188tr. ;   |c 24cm 
650 # 4 |a Kỹ thuật điện 
653 # # |a Industrial Electrical Engineering 
700 0 # |a Lê Văn Doanh 
721 # # |a 01. CNKT Điện - Điện tử 
721 # # |a 02. CNKT Điện tử viễn thông 
721 # # |a 03. CNKT Cơ khí 
721 # # |a 04. CNKT Ô tô 
721 # # |a 06. CNKT Nhiệt lạnh 
721 # # |a 07. CNKT Cơ điện tử 
721 # # |a 08. CNKT Điều khiển và Tự động hóa 
721 # # |a 15. Điện công nghiệp 
841 # # |b Kho Sách   |j 100008937, 100008938, 100008939, 100008940